000
00244nam a22001097a 4500
082
_a
671.36 QUE'A
100
_a
ASM COMMITTES
_9
80650
245
_a
QUENCHING AND MARTEMPERING
260
_a
OHIO (USA)
_b
ASM
_c
1964
300
_a
277P
942
_c
BK
999
_c
585545
_d
585545